[Event "Hallstahammar op"]
[Site "Hallstahammar"]
[Date "2003.09.13"]
[Round "5"]
[White "Henriksson, Johan"]
[Black "Nyberg, Stina"]
[Result "1-0"]
[WhiteElo "2338"]
[BlackElo "1873"]
[PlyCount "65"]
[EventDate "2003.09.12"]
[EventType "swiss"]
[EventRounds "7"]
[EventCountry "SWE"]
[SourceTitle "CBM 096 Extra"]
[Source "ChessBase"]
[SourceDate "2003.10.22"]
[SourceVersion "2"]
[SourceVersionDate "2003.10.20"]
[SourceQuality "1"]

1. d4 d5 2. Nf3 Nf6 3. e3 e6 4. Be2 Be7 5. 0-0 0-0 6. b3 b6 7. c4 Bb7 8. Nc3 Nbd7 9. Bb2 c5 10. Rc1 Rc8 11. Qc2 a6 12. Rfd1 Qc7 13. cxd5 exd5 14. Qf5 Rfd8 15. Ne5 Nf8 16. Bf3 Qd6 17. dxc5 bxc5 18. Nxd5 Bxd5 19. Rxd5 Qe6 20. Qxe6 Nxe6 21. Rxd8+ Rxd8 22. Nc6 Re8 23. Nxe7+ Rxe7 24. Kf1 Rc7 25. Be5 Ra7 26. Bd6 Nd7 27. Bg4 g6 28. Bxe6 fxe6 29. Bxc5 Rc7 30. Ba3 Rxc1+ 31. Bxc1 Kf7 32. Ke2 Kf6 33. Bb2+ 1-0

[Event "Hallstahammar op"]
[Site "Hallstahammar"]
[Date "2003.09.13"]
[Round "4"]
[White "Janse, Love"]
[Black "Nyberg, Stina"]
[Result "1-0"]
[WhiteElo "2140"]
[BlackElo "1873"]
[PlyCount "103"]
[EventDate "2003.09.12"]
[EventType "swiss"]
[EventRounds "7"]
[EventCountry "SWE"]
[SourceTitle "CBM 096 Extra"]
[Source "ChessBase"]
[SourceDate "2003.10.22"]
[SourceVersion "2"]
[SourceVersionDate "2003.10.20"]
[SourceQuality "1"]

1. e4 e6 2. d3 d5 3. Nd2 Nf6 4. g3 dxe4 5. dxe4 Bc5 6. Ngf3 Nc6 7. Bg2 e5 8. 0-0 0-0 9. c3 a5 10. Qe2 b6 11. Rd1 Qe7 12. Nb3 Bd6 13. Nh4 a4 14. Nd2 Qe6 15. Nf5 Bc5 16. Nf1 Ba6 17. Qf3 Rad8 18. Bg5 Rxd1 19. Rxd1 Ne7 20. N1e3 Bb7 21. Nh6+ Kh8 22. Bxf6 Qxf6 23. Qxf6 gxf6 24. Nhf5 Nxf5 25. exf5 Bc8 26. Bc6 a3 27. bxa3 Bxe3 28. fxe3 Bxf5 29. Rf1 Be6 30. Rxf6 Rd8 31. Be4 Kg7 32. Rf2 Rd1+ 33. Kg2 Rc1 34. Rc2 Ra1 35. c4 h6 36. Bd5 Bd7 37. c5 bxc5 38. Rxc5 c6 39. Bb3 f6 40. a4 Bf5 41. Kf3 Rf1+ 42. Ke2 Rh1 43. h4 Be4 44. a5 Rh2+ 45. Kd1 Bb1 46. Rxc6 Bxa2 47. Rc7+ Kh8 48. Bc2 Rh1+ 49. Ke2 Bg8 50. a6 Ra1 51. a7 Ra3 52. Be4 1-0